Principles of biochemistry / (Record no. 2596)
[ view plain ]
| 000 -LEADER | |
|---|---|
| fixed length control field | 00553nam a22002057a 4500 |
| 001 - CONTROL NUMBER | |
| control field | BD-DhSAU 2596 |
| 003 - CONTROL NUMBER IDENTIFIER | |
| control field | BD-DhSAU |
| 005 - DATE AND TIME OF LATEST TRANSACTION | |
| control field | 20150129131918.0 |
| 008 - FIXED-LENGTH DATA ELEMENTS--GENERAL INFORMATION | |
| fixed length control field | 150129b1982 ii a|||| |||| 001 0 eng d |
| 040 ## - CATALOGING SOURCE | |
| Original cataloging agency | BD-DhSAU |
| 082 ## - DEWEY DECIMAL CLASSIFICATION NUMBER | |
| Edition number | 22 |
| Classification number | 574.192 |
| Item number | LEP |
| 100 ## - MAIN ENTRY--PERSONAL NAME | |
| Personal name | Lehninger, Albert L. |
| 245 ## - TITLE STATEMENT | |
| Title | Principles of biochemistry / |
| Statement of responsibility, etc. | Albert L. Lehninger |
| 260 ## - PUBLICATION, DISTRIBUTION, ETC. (IMPRINT) | |
| Place of publication, distribution, etc. | India : |
| Name of publisher, distributor, etc. | CBS Publishers , |
| Date of publication, distribution, etc. | 1982. |
| 300 ## - PHYSICAL DESCRIPTION | |
| Extent | xxiv, 1011 p. : |
| Other physical details | ill. ; |
| Dimensions | 28 cm. |
| 504 ## - BIBLIOGRAPHY, ETC. NOTE | |
| Bibliography, etc | include index |
| 590 ## - Name of Cataloguer | |
| Name of Cataloger | tamanna |
| 650 ## - SUBJECT ADDED ENTRY--TOPICAL TERM | |
| Topical term or geographic name as entry element | chemistry |
| 650 ## - SUBJECT ADDED ENTRY--TOPICAL TERM | |
| Topical term or geographic name as entry element | biochemistry |
| 942 ## - ADDED ENTRY ELEMENTS (KOHA) | |
| Source of classification or shelving scheme | Dewey Decimal Classification |
| Koha item type | Book |
| Withdrawn status | Lost status | Source of classification or shelving scheme | Damaged status | Not for loan | Home library | Branch Name | Shelving location | Date acquired | Total Checkouts | Full call number | Barcode | Date last seen | Price effective from | Koha item type | Date checked out |
|---|---|---|---|---|---|---|---|---|---|---|---|---|---|---|---|
| Dewey Decimal Classification | SAU Library | SAU Library | General Stacks | 27/06/1987 | 574.192 LEP | 10711 | 29/01/2015 | 29/01/2015 | Book | ||||||
| Dewey Decimal Classification | SAU Library | SAU Library | General Stacks | 27/06/1987 | 574.192 LEP | 10750 | 29/01/2015 | 29/01/2015 | Book | ||||||
| Dewey Decimal Classification | SAU Library | SAU Library | General Stacks | 27/06/1987 | 574.19LEP | 10707 | 29/01/2015 | 29/01/2015 | Book | ||||||
| Dewey Decimal Classification | SAU Library | SAU Library | General Stacks | 27/06/1987 | 574.19LEP | 10708 | 29/01/2015 | 29/01/2015 | Book | ||||||
| Dewey Decimal Classification | SAU Library | SAU Library | General Stacks | 23/06/1992 | 2 | 574.192LEP | 19636 | 21/08/2017 | 29/01/2015 | Book | 23/07/2017 | ||||
| Dewey Decimal Classification | SAU Library | SAU Library | General Stacks | 23/06/1992 | 1 | 574.192 LEP | 19633 | 11/04/2018 | 02/02/2015 | Book | 02/04/2018 | ||||
| Dewey Decimal Classification | SAU Library | SAU Library | General Stacks | 23/06/1992 | 10 | 574.192 LEP | 19630 | 30/01/2023 | 24/02/2015 | Book | 15/01/2023 | ||||
| Dewey Decimal Classification | SAU Library | SAU Library | General Stacks | 23/06/1992 | 3 | 574.192 LEP | 19632 | 03/08/2023 | 24/02/2015 | Book | 06/07/2023 | ||||
| Dewey Decimal Classification | SAU Library | SAU Library | General Stacks | 27/06/1987 | 3 | 574.192 LEP | 10712 | 14/05/2019 | 24/02/2015 | Book | 18/02/2019 | ||||
| Dewey Decimal Classification | SAU Library | SAU Library | General Stacks | 27/06/1987 | 574.192 LEP | 10752 | 24/02/2015 | 24/02/2015 | Book |
